Educación superior y población en Costa Rica
El documento presenta un análisis de la relación que existe entre el bajo crecimiento de la población y las consecuencias de la misma, sobretodo con relación a la educación superior. Además se explora la incidencia del crecimiento demográfico en los distintos niveles educativos y en la economía del...
Guardado en:
| Hovedforfatter: | |
|---|---|
| Format: | Texto |
| Sprog: | Spanish |
| Udgivet: |
Heredia :
UNA
|
| Fag: | |
| Tags: |
Tilføj Tag
Ingen Tags, Vær først til at tagge denne postø!
|
MARC
| LEADER | 00000 a a2200000 04500 | ||
|---|---|---|---|
| 001 | 16826 | ||
| 003 | cru IIS | ||
| 005 | 20220718124731.0 | ||
| 008 | 220711b |||||||| |||| 00| 0 spa d | ||
| 040 | |c cru IIS | ||
| 090 | |a 14.01.01 S471e | ||
| 100 | |a Zomer Rezler, Clara | ||
| 245 | |a Educación superior y población en Costa Rica | ||
| 260 | |a Heredia : |b UNA | ||
| 300 | |a 16 p | ||
| 520 | |a El documento presenta un análisis de la relación que existe entre el bajo crecimiento de la población y las consecuencias de la misma, sobretodo con relación a la educación superior. Además se explora la incidencia del crecimiento demográfico en los distintos niveles educativos y en la economía del país, por grupos etarios. | ||
| 650 | 0 | |9 944 |a EDUCACION | |
| 650 | 0 | |9 2137 |a ESTRUCTURA SOCIAL | |
| 650 | 4 | |9 3428 |a DEMOGRAFIA | |
| 651 | 0 | |9 32 |a COSTA RICA | |
| 942 | |2 ddc |c LI | ||
| 999 | |c 17189 |d 17189 | ||
